000 01233nam0a2200301 4500
001 RU\NLR\b_ik\198264
005 20260406012037.0
010 _a978-5-4279-0002-7
035 _a(NLR Aleph) 002270642
090 _a3945510
_c3945510
100 _a20121106d2012 |||y0rusy50 ca
101 0 _aeng
102 _aRU
105 _ay |||||||||
200 1 _aInstructions for the immortal, or What to do if you still die
_fpriest Daniel Sysoev
210 _aMoscow
_cMissionary center
_d2012
215 _a95 с.
_d17
517 0 _aWhat to do if you still die
541 0 _aИнструкции для бессмертного, или Что делать, если вы все равно умрете
_zrus
606 1 _aСмерть
_xПравославная концепция
_92412723
_3RU\NLR\AUTH\661437418
606 1 _aЗагробная жизнь
_xПравославная концепция
_92074149
_3RU\NLR\AUTH\661249126
686 2 _aЭ372.24-422.2
700 1 _4070
_8rus
_7ba
_aSysoev
_bD. A.
_cсвященнослужитель
_f1974-2009
_gDaniil Alekseevič
_3RU\NLR\AUTH\77117544
_9100469
801 0 _aRU
_bNLR
_c20121106
_gRCR
942 _cBOOK
980 _aNB